Halo Games Quiz - Statistics

General Stats
  • This quiz has been taken 36 times
  • The average score is 13 of 14
Answer Stats
Release Date Game Title % Correct
Nov 9, 2004 Halo 2
100%
Sept 25, 2007 Halo 3
100%
Nov 6, 2012 Halo 4
100%
Oct 27, 2015 Halo 5
100%
Nov 15, 2001 Halo Combat Evolved
100%
Sept 14, 2010 Halo Reach
100%
Feb 26, 2009 Halo Wars
100%
Feb 21, 2017 Halo Wars 2
100%
Sept 22, 2009 Halo 3 ODST
97%
TBD, 2021 Halo Infinite
97%
July 18, 2013 Halo Spartan Assault
80%
Nov 15, 2011 Halo Combat Evolved Anniversary
73%
Nov 6, 2014 Halo Master Chief Collection
67%
April 16, 2015 Halo Spartan Strike
63%
No matching quizzes found
Score Distribution
Percent of People with Each Score
Percentile by Number Answered
Your Score History
You have not taken this quiz